| 000 | 00626cam a2200205 a 4500 | ||
|---|---|---|---|
| 001 | 14028990 | ||
| 005 | 20240319013415.0 | ||
| 008 | 050408s2003 np ab b 100 0 eng | ||
| 020 | _a9993387401 | ||
| 040 |
_aDLC _cDLC |
||
| 082 |
_222 _a324. _bMED. |
||
| 245 | 1 | 0 |
_aMedia crossing borders : _bfourth regional workshop, Kathmandu, Aug. 30-Sept. 1, 2003 / _cedited by Rita Manchanda. |
| 260 |
_aKathmandu : _bSouth Asia Forum for Human Rights, _c2004. |
||
| 300 | _axxxiv, 178 p. : | ||
| 650 | 0 | _aMass media | |
| 650 | 0 | _aSocial conflict in mass media | |
| 650 | 0 | _aBoundaries | |
| 700 | 1 |
_aManchanda, Rita. _eedt |
|
| 942 | _cL | ||
| 999 |
_c583 _d583 |
||